Famous People with Nicknames - Statistics

General Stats
  • This quiz has been taken 343 times
    336 since last reset
  • The average score is 6 of 13
Answer Stats
Nickname Known For Being Famous Person % Correct
The Pelvis Singer/Musician/Actor Elvis Presley
91%
Ol' Blue Eyes Singer/Actor/Director Frank Sinatra
86%
Bard of Avon Playwright/Author William Shakespeare
79%
Satchmo Singer/Musician Louis Armstrong
69%
The Louisville Lip Professional Boxer Muhammad Ali
64%
The Teflon President Poltician Ronald Reagan
51%
The Great White Shark Professional Golfer Greg Norman
33%
Lady Day Singer/Musician/Actor Billie Holiday
27%
Gazza Professional Footballer Paul Gascoigne
25%
The Incorrupitble French Revolutionary Maximilien de Robespierre
24%
Yorkshire Ripper Criminal Peter Sutcliffe
22%
The Professor Formula 1 Driver Alain Prost
14%
Papillon Author/Criminal Henri Charriere
5%
No matching quizzes found
Score Distribution
Percent of People with Each Score
Percentile by Number Answered
Your Score History
You have not taken this quiz since the last reset